Obsah platobného výmeru
Obsahové náležitosti vydaného platobného výmeru. Podklady pre vydanie platobného výmeru. Platobný výmer a jeho doručovanie.
Guardado en:
| Autor principal: | |
|---|---|
| Formato: | Capítulo de libro |
| Lenguaje: | eslovaco |
| Materias: | |
| Etiquetas: |
Sin Etiquetas, Sea el primero en etiquetar este registro!
|
MARC
| LEADER | 00000naa a2200000 4500 | ||
|---|---|---|---|
| 001 | 0281503 | ||
| 005 | 20240417075151.4 | ||
| 041 | 0 | |a slo | |
| 044 | |a SK | ||
| 245 | 1 | 0 | |a Obsah platobného výmeru |c Ladislav Hrtánek |
| 520 | |a Obsahové náležitosti vydaného platobného výmeru. Podklady pre vydanie platobného výmeru. Platobný výmer a jeho doručovanie. | ||
| 610 | 2 | 0 | |a dane |
| 610 | 2 | 0 | |a správa daňová |
| 610 | 2 | 0 | |a obce |
| 100 | 1 | |a Hrtánek, Ladislav | |